000 00628nam a2200205Ia 4500
003 IN-BaIIA
008 211028s9999 xx 000 0 eng d
020 _a978-0-521-16551-8
040 _cIIA Library
080 _a521.8
_bLEV
100 _aLevy, David H.
_922066
245 0 _aDavid Levy's guide to eclipses, transits, and occultations
_cDavid H. Levy
260 _aCambridge
_bCambridge University Press
_c2010
300 _avi,177p.
650 _aAstronomy-Technique
650 _aEclipses
_9909
650 _aOccultations
_9943
650 _aTransits
_934034
942 _cBK
999 _c17897
_d17897